00310nam a2200121Ia 4500008004100000040001700041041001200058082001900070100002000089245003400109260003400143300001100177230917s9999||||xx |||||||||||||| ||und|| e154960aMAIN aEnglish a891.21 K125V:P aVachandev Kumar 0aPoorvamegh: Ek punarmulyankan aPatnabAnupam Prakashanc1971 a144 p.